Calculus with applications / (Record no. 6067)
[ view plain ]
| 000 -LEADER | |
|---|---|
| fixed length control field | 00668nam a2200241 a 4500 |
| 001 - CONTROL NUMBER | |
| JCCL Control Number | 6067 |
| 003 - CONTROL NUMBER IDENTIFIER | |
| JCCL marc code | UkOxU |
| 005 - DATE AND TIME OF LATEST TRANSACTION | |
| control field | 20211021134020.0 |
| 008 - FIXED-LENGTH DATA ELEMENTS--GENERAL INFORMATION | |
| fixed length control field | 911108s1989 pau 001 0 eng d |
| 020 ## - INTERNATIONAL STANDARD BOOK NUMBER | |
| International Standard Book Number | 0030112834 |
| 035 ## - SYSTEM CONTROL NUMBER | |
| system control number | (BD-JhCC) 6067 |
| 040 ## - CATALOGING SOURCE | |
| Original cataloging agency | BD-JhCC |
| Modifying agency | BD-JhCC |
| 041 ## - LANGUAGE CODE | |
| Language code of Book | eng |
| 082 ## - DEWEY DECIMAL CLASSIFICATION NUMBER | |
| Classification number | 515 |
| DDC Edition number | 20 |
| Author mark and Year | COU 1989 |
| 100 1# - MAIN ENTRY--PERSONAL NAME | |
| Personal name | Coughlin, Raymond F. |
| 245 10 - TITLE STATEMENT | |
| Title | Calculus with applications / |
| Statement of responsibility, etc | Raymond F. Coughlin, David E. Zitarelli |
| 260 ## - PUBLICATION, DISTRIBUTION, ETC. (IMPRINT) | |
| Place of publication, distribution, etc | Philadelphia ; |
| -- | London : |
| Name of publisher, distributor, etc | Saunders, |
| Date of publication, distribution, etc | c1989 |
| 300 ## - PHYSICAL DESCRIPTION | |
| Pagination | xvii, 548 p ; |
| Dimensions | 24 cm |
| 650 #0 - SUBJECT ADDED ENTRY--TOPICAL TERM | |
| Topical term or geographic name as entry element | Calculus |
| 700 1# - ADDED ENTRY--PERSONAL NAME | |
| Personal name | Zitarelli, David E. |
| Fuller form of name | (David Earl), |
| Dates associated with a name | 1941- |
| 942 ## - ADDED ENTRY ELEMENTS (KOHA) | |
| Source of classification or shelving scheme | Dewey Decimal Classification |
| Koha item type | Books |
| Koha issues (borrowed), all copies | 1 |
| Source of classification or shelving scheme | Damaged status | Not for loan | Home library | Current library | Shelving location | Source of acquisition | Total Checkouts | Full call number | Barcode | Date last seen | Date checked out | Copy number | Koha item type |
|---|---|---|---|---|---|---|---|---|---|---|---|---|---|
| Dewey Decimal Classification | JCC Rouf Library | JCC Rouf Library | General Stacks | The Asia foundation | 1 | 515 COU 1989 | 7812 | 11/08/2021 | 10/21/2021 | C - 1 | Books |